Českým středohořím : oblastní turistický průvodce /

Hlavní autor: Špecinger, Otakar, 1923-2014
Jazyk: Čeština
Vydáno: Praha : STN, 1957
Vydání: 1. vyd.
Edice: Sbírka oblastních turistických průvodců
Témata:
Fyzický popis: 139, [3] s. : [16] s. obr. příl. [1] mp. ; 8°
Knihy
Uloženo v:
LEADER 01108nam a22002532a 4500
001 000804838
003 CZ BrMZK
005 20100118154236.0
007 ta
008 981020s1957 xr cze
040 |a ABA001  |b cze  |c PNA001  |d ABA001 
100 1 |a Špecinger, Otakar,  |d 1923-2014  |7 jk01130862  |4 aut 
245 1 0 |a Českým středohořím :  |b oblastní turistický průvodce /  |c [autor:] Otakar Špecinger ; fot.: Jan Kopta, Frydrych ... [et al.] 
250 |a 1. vyd. 
260 |a Praha :  |b STN,  |c 1957  |e (Brno :  |f Rudé právo) 
300 |a 139, [3] s. :  |b [16] s. obr. příl. [1] mp. ;  |c 8° 
490 1 |a Sbírka oblastních turistických průvodců ;  |v Čís. 14 
504 |a Obsahuje bibliografii a rejstříky 
830 0 |a Sbírka oblastních turistických průvodců 
910 |a BOA001  |b PK-A-0005.383  |b 1-0387.660 
964 |a České středohoří - turistika - průvodci 
990 |a BK 
996 7 |b 2619417622  |c 1-0387.660  |l MZK  |r Sklad / do 1 hodiny  |n 0  |w 000804838  |u 000020  |a 1  |e BOA001  |j MZK50  |s A 
996 7 |b 3119694766  |c PK-A-0005.383  |l MZK  |r Sklad / do 1 hodiny  |n 0  |w 000804838  |u 000010  |a 1  |e BOA001  |j MZK50  |s A